00449cam a22001337a 4500008004000000082001400040100002300054245005700077260004500134300000800179650002400187999001900211952008500230180718b1985 xxu||||| |||| 00| 0 eng d aZx54 R213 aRaychaudhuri, S.P. aAdvances in Indian agriculturecby S.P. Raychaudhuri aDelhibBooks and Perodicals Agencyc1985 a-v- aAgriculture - India c352657d352657 00104070aIIPAbIIPAd1993-11-24oZx54 R213p61581r2018-07-21w2018-07-21yBK